| 000 | 01809nam a22004337a 4500 | ||
|---|---|---|---|
| 003 | CHAP | ||
| 005 | 20220329143524.0 | ||
| 008 | 100331s2009 mx r 00010 spa d | ||
| 010 | _a97956 | ||
| 011 | _a98928 | ||
| 035 | _a109613 | ||
| 040 | _cCHAP | ||
| 090 | _aTesis | ||
| 100 | 1 |
_aLópez García, Francisco Javier. _967901 |
|
| 245 | 1 | 0 |
_aDeterminación de la factibilidad técnica y financiera de la producción de jitomate bajo invernadero en el municipio de Villa de Arista, S.L.P. _c/por Francisco Javier López García y José Guadalupe Soto Viera |
| 260 |
_aChapingo, Méx. : _bEl autor, _c2009 |
||
| 300 |
_a85 h. : _bilus., gráfs. |
||
| 502 | _aTesis (Lic. en Administración de Empresas Agropecuarias) -- UACH. División de Ciencias Económico Administrativas | ||
| 530 | _aTambién disponible en línea | ||
| 590 |
_aALEPH _b10 _c20130110 _lUCH01 _h1533 |
||
| 590 |
_aBATCH-UPD _b10 _c20130110 _lUCH01 _h0936 |
||
| 590 |
_aBATCH-UPD _b10 _c20130410 _lUCH01 _h0553 |
||
| 590 |
_aBATCH-UPD _b10 _c20130914 _lUCH01 _h1131 |
||
| 590 |
_aBATCH-UPD _b10 _c20140324 _lUCH01 _h1515 |
||
| 590 |
_aBATCH-UPD _b10 _c20141002 _lUCH01 _h0842 |
||
| 590 |
_aCONVERSION _b10 _c20130109 _lUCH01 _h1354 |
||
| 650 | 1 | 4 |
_aCultivos en invernadero. _930376 |
| 650 | 1 | 4 |
_aEstudios de factibilidad. _938520 |
| 650 | 1 | 4 |
_aFinanzas _xEvaluación. _940940 |
| 650 | 1 | 4 |
_aProyectos _xEvaluación. _992525 |
| 650 | 1 | 4 |
_aTomate _xPropagación. _9113758 |
| 650 | 1 | 4 |
_aTomate _xSan Luis Potosí. _9113763 |
| 700 | 1 |
_aSoto Viera, José Guadalupe. _9108928 |
|
| 856 |
_3Finding aid _uhttp://10.13.5.2/tesis/109613.pdf _zTeclea aqui |
||
| 901 | _aBK | ||
| 942 | _cFOLL | ||
| 949 |
_aTesis _bBC _cTES _d33724002162025 _eTS1 _gDonaciØn _h50211 _i109613 _st |
||
| 949 |
_aTesis _bBC _cTES _d33724002162066 _eTS2 _fc.2 _gDonaciØn _h50212 _i109613 _si |
||
| 999 |
_c97956 _d97956 |
||